000 00868nam a2200277 a 4500
001 000011480
003 DO-SdBNP
005 20250409122709.0
007 ta
008 091019s2002 dr 000 0 spa d
020 _a9993473162
040 _aDO-SdBNP
_bspa
_cBNPHU
082 4 _aRD862.44
_bV161p
_222
100 1 _aValenzuela, Angelo
_927177
245 1 3 _aLa peste de estos días :
_b(sátira en 27 escenas) /
_cAngelo Valenzuela.
260 _aSanto Domingo :
_bUCE,
_c2002.
300 _a81 p. ;
_c23 cm.
500 _aIncluye datos biográficos del autor en la contracubierta
586 _aPremio de teatro UCE, 2001
590 _aInventariado, 2023/MFF
650 0 _aTeatro dominicano
_9637
650 0 _aLiteratura dominicana.
_967
710 1 _aUniversidad Central del Este
_937229
910 _aValidado. Control de calidad MFF
942 _2ddc
_cLBS1
999 _c11181
_d11181